000
00310pam a2200145 a 4500
020
_c
041
_h
082
_a
658
_b
SLO
100
_a
Slocum, H.
245
_a
Management
_h
Textual Documents
250
_a
1st ed
260
_a
New York
_b
Addison - Wesley
_c
2005
300
_a
XXXI/773/C1
930
_a
5975
999
_c
112803
_d
112803